| 000 | 00541nam a2200169Ia 4500 | ||
|---|---|---|---|
| 999 |
_c24691 _d24691 |
||
| 003 | OSt | ||
| 005 | 20210105130229.0 | ||
| 008 | 190216s9999||||xx |||||||||||||| ||und|| | ||
| 040 | _coclc | ||
| 082 |
_a894.8126 _bGAN/T |
||
| 100 | 1 |
_aGandhi, Mahatma _922 _d1869-1948 |
|
| 245 | 0 |
_aThiranjetutha Kathukal / _cMahatma Gandhi ; P Sivarama Ayyar ; K S Narayana Pillai |
|
| 260 |
_bNational Book Stall , _aKottayam: _c1962. |
||
| 300 | _a542p | ||
| 650 | _aLekhanam | ||
| 942 |
_cBK _2ddc _h894.8126 _iGAN/T _k894.8126 _mGAN/T |
||